Leader xxxxxxxxxx
001 __ PCLIS00040274
005 __ 20220930131330.30
010 0_ |a978-986-6815-76-8|b卷1 : 平裝|dNT$199
010 0_ |a978-986-6815-89-8|b卷2 : 平裝|dNT$220
100 __ |a20080910g20082011m y0chiy09 e
101 0_ |achi
102 __ |atw
105 __ |ay z 000ay
200 1_ |a魔法師ソ幸福時光|dThe magician|zeng|f可蕊著
205 __ |a初版
210 __ |a臺北市|c蓋亞文化出版|a臺北縣中和市|c大河文化總經銷|d2008-2011[民97-100]
211 __ |a0810
215 0_ |a9冊|d20公分
225 1_ |a悅讀館|vRE141-142
300 __ |a作者號由t038取自"可蕊著"(2016871), 作者號由t038取自"可蕊" ; 由t561修正
300 __ |a作者本名閆冰
327 0_ |a1, 舞蹈者 = Dancing dragon--2, 鏡子迷宮 = labyrinth of mirrors
339 __ |a館藏: 卷1-卷2
517 1_ |a魔法師的幸福時光|zchi
517 1_ |a舞蹈者|zchi
517 1_ |a鏡子迷宮|zchi
517 1_ |aDancing dragon|zeng
517 1_ |aLabyrinth of mirrors|zeng
681 __ |a857.83|b854
681 __ |a857.83|b8545 97
700 _0 |a可蕊|f1975- |4著
801 _0 |atw|bCIP|c20080910|gCCR
801 _1 |atw|b內湖高中|c20090504|gCCR
801 _2 |atw|b內湖高中|c20220930|gCCR
|